| 000 | 00879cam a2200265 i 4500 | ||
|---|---|---|---|
| 999 |
_c6611 _d6611 |
||
| 001 | 1320189 | ||
| 003 | OSt | ||
| 005 | 20200207114145.0 | ||
| 008 | 790315s1978 enka b 001 0 eng | ||
| 010 | _a 78018034 | ||
| 015 | _aGB*** | ||
| 020 | _a012755050X | ||
| 040 |
_aDLC _cDLC _dDLC |
||
| 082 | 0 | 0 |
_a660.6 _bBAI 1993 |
| 245 | 0 | 0 |
_aNew trends in bio-inorganic chemistry / _cedited by R. J. P. Williams, J. R. R. F. da Silva. |
| 260 |
_aLondon ; _aNew York : _bAcademic Press, _c1993. |
||
| 300 |
_a489 p. : _bill. ; _c24 cm. |
||
| 490 | 0 | _aFrontiers of knowledge series | |
| 504 | _aIncludes bibliographical references and index. | ||
| 650 | 0 |
_aBioinorganic chemistry. _93975 |
|
| 700 | 1 |
_aWilliams, R. J. P. _q(Robert Joseph Paton) _913599 |
|
| 700 | 1 |
_aSilva, J. R. R. Fraústo da. _913600 |
|
| 906 |
_a7 _bcbc _corignew _d2 _eocip _f19 _gy-gencatlg |
||
| 942 |
_2ddc _cO_SHELF |
||